El embargo ejecutivo en el proceso cognitorio romano (pignus in causa iudicati captum)

Detalles Bibliográficos
Autor principal: Da̕z-Bautista Cremades, Adolfo A.
Formato: eBook
Lenguaje:español
Publicado: Madrid: Marcial Pons 2013
Materias:
Acceso en línea:Acceso restringido

MARC

LEADER 00000nam a22000007a 4500
005 20180104175142.0
007 cr|||| ||||
008 180104s2013 sp |||||s|||| 00||0 spa d
020 |a 978-84-91233-07-7 
035 |a 20959 
040 |a vLex 
090 |c 7361  |d 7361 
100 1 |a Da̕z-Bautista Cremades, Adolfo A. 
245 1 3 |a El embargo ejecutivo en el proceso cognitorio romano (pignus in causa iudicati captum)  |h [Recurso electrn̤ico] /  |c Adolfo A. Da̕z-Bautista Cremades 
256 |a Servicio en ln̕ea 
260 |a Madrid:  |b Marcial Pons  |c 2013 
300 |a 1 recurso electrn̤ico 
500 |a  La moderna romans̕tica denomina pignus in causa iudicati captum a la forma de ejecucin̤ de las condenas dinerarias utilizadas en el sistema procesal denominado extraordinaria cognitio. Su origen est ̀en un rescripto del emperador Antonino Po̕, pero su relacin̤ con las instituciones anteriores es discutible. Esta institucin̤ es una adaptacin̤ de la prenda convencional en la que el juez se apodera de los bienes del condenado para obligarle a cumplir con el fallo, o en su caso proceder a la venta de los bienes y, con su producto, pagar al acreedor. El pignus in causa iudicati captum es el antecedente directo del moderno embargo en ejecucin̤ de sentencia. Las fuentes romanas plantean los problemas prc̀ticos de esta institucin̤ tales como la competencia judicial, los requisitos necesarios para la ejecucin̤, el orden de proceder en los embargos, las cuestiones incidentales, la quiebra de la subasta y la eviccin̤. 
506 1 |a Disponible solo en los productos indicados  |d vLex Global  |d vLex Global (Academic Edition, excluding Law Schools)  |d vLex Global (U.S. Academic Edition, Law Schools)  |d vLex Global (U.S. Academic Edition, excluding Law Schools)  |d vLex Global (Academic Edition, Law Schools) 
650 0 4 |a Derecho Civil  |z Espaą 
650 0 4 |a Ciencias sociales  |z Espaą 
650 0 4 |a Historia y geografa̕  |z Espaą 
740 0 |a vLex Libros (Servicio en ln̕ea) 
856 4 0 |u http://vlex.com/source/embargo-ejecutivo-en-el-proceso-cognitorio-romano-pignus-in-causa-iudicati-captum--20959  |z Acceso restringido 
942 |c BOOK 
999 0 |a Civil law 
999 0 |a Social science 
999 0 |a History